<?xml version="1.0" encoding="UTF-8"?>
<collection xmlns="http://www.loc.gov/MARC21/slim">
<record>
  <controlfield tag="001">136091</controlfield>
  <controlfield tag="005">20240711103551.0</controlfield>
  <datafield tag="024" ind1="8" ind2=" ">
    <subfield code="2">sideral</subfield>
    <subfield code="a">139023</subfield>
  </datafield>
  <datafield tag="037" ind1=" " ind2=" ">
    <subfield code="a">ART-2022-139023</subfield>
  </datafield>
  <datafield tag="041" ind1=" " ind2=" ">
    <subfield code="a">spa</subfield>
  </datafield>
  <datafield tag="100" ind1=" " ind2=" ">
    <subfield code="a">Vila Viñas, David</subfield>
    <subfield code="0">(orcid)0000-0002-5879-3897</subfield>
  </datafield>
  <datafield tag="245" ind1=" " ind2=" ">
    <subfield code="a">Medios de comunicación, redes sociales, actores políticos y delitos que se cometen en internet. Efectividad del control penal a propósito del delito de enaltecimiento del terrorismo y humillación a las víctimas en España</subfield>
  </datafield>
  <datafield tag="260" ind1=" " ind2=" ">
    <subfield code="c">2022</subfield>
  </datafield>
  <datafield tag="520" ind1="3" ind2=" ">
    <subfield code="a">El presente artículo se sitúa en el contexto de la expansión del Derecho Penal, interrogándose sobre la relación de esta tendencia con el rol de los medios de comunicación, los actores políticos y el público. Para ello adopta el estudio del delito de enaltecimiento del terrorismo y humillación a las víctimas en España. Considera las discusiones dogmáticas acerca de las implicaciones de este delito para el derecho penal, desde el enfoque de los bienes jurídicos y de las ofensas. Para concretar la cuestión analiza la evolución de este delito, desde la perspectiva normativa y jurisprudencial pero también desde la cobertura en los medios de comunicación y la conversación en redes sociales. Al tratarse de delitos que se cometen precisamente por esos medios digitales, se producen relaciones singulares entre los distintos actores, que contribuyen a los debates contemporáneos sobre las tendencias y efectividad del sistema de control penal.</subfield>
  </datafield>
  <datafield tag="540" ind1=" " ind2=" ">
    <subfield code="9">info:eu-repo/semantics/closedAccess</subfield>
    <subfield code="a">All rights reserved</subfield>
    <subfield code="u">http://www.europeana.eu/rights/rr-f/</subfield>
  </datafield>
  <datafield tag="655" ind1=" " ind2="4">
    <subfield code="a">info:eu-repo/semantics/article</subfield>
    <subfield code="v">info:eu-repo/semantics/publishedVersion</subfield>
  </datafield>
  <datafield tag="700" ind1=" " ind2=" ">
    <subfield code="a">Aguerri, Jesús C.</subfield>
    <subfield code="0">(orcid)0000-0002-7730-8527</subfield>
  </datafield>
  <datafield tag="773" ind1=" " ind2=" ">
    <subfield code="g">37 (2022), [43 pp.]</subfield>
    <subfield code="p">Rev. gen. derecho penal</subfield>
    <subfield code="t">REVISTA GENERAL DE DERECHO PENAL</subfield>
    <subfield code="x">1698-1189</subfield>
  </datafield>
  <datafield tag="856" ind1="4" ind2="1">
    <subfield code="u">https://www.iustel.com//v2/revistas/detalle_revista.asp?id_noticia=424824</subfield>
    <subfield code="z">Texto completo de la revista</subfield>
  </datafield>
  <datafield tag="856" ind1="4" ind2=" ">
    <subfield code="s">751509</subfield>
    <subfield code="u">http://zaguan.unizar.es/record/136091/files/texto_completo.pdf</subfield>
    <subfield code="y">Versión publicada</subfield>
  </datafield>
  <datafield tag="856" ind1="4" ind2=" ">
    <subfield code="s">2002105</subfield>
    <subfield code="u">http://zaguan.unizar.es/record/136091/files/texto_completo.jpg?subformat=icon</subfield>
    <subfield code="x">icon</subfield>
    <subfield code="y">Versión publicada</subfield>
  </datafield>
  <datafield tag="909" ind1="C" ind2="O">
    <subfield code="o">oai:zaguan.unizar.es:136091</subfield>
    <subfield code="p">articulos</subfield>
    <subfield code="p">driver</subfield>
  </datafield>
  <datafield tag="951" ind1=" " ind2=" ">
    <subfield code="a">2024-07-11-08:38:03</subfield>
  </datafield>
  <datafield tag="980" ind1=" " ind2=" ">
    <subfield code="a">ARTICLE</subfield>
  </datafield>
</record>
</collection>